Stand By Me (Film) Trivia - Statistics

General Stats
  • This quiz has been taken 20 times
  • The average score is 15 of 20
Answer Stats
Hint Answer % Correct
Which character got accused of stealing the school lunch money? Chris
93%
What character says the line "Not if I see you first."? Chris
93%
Which character has a talent for writing? Gordie
93%
Which character likes to train dodge? Teddy
93%
Which character lost his/her pennies under their porch? Vern
93%
What fictional town does the film take place in? Castle Rock
80%
What is the name of the local junkyard dog? Chopper
80%
What actor played Teddy Duchamp? Corey Feldman
80%
What animal does Gordie see while the others are sleeping that he keeps to himself? Deer
80%
What actor played Chris Chambers? River Phoenix
80%
What is Gordie's brothers name? Denny
73%
What is Chris's brothers nickname? Eyeball
73%
Finish the line - "I don't shut up, I grow up, and..." when I look at you I throw up
73%
What year was the film released? 1986
67%
What is the name of the dead boy they are looking for? Ray Brower
67%
What is the name of the Stephen King book that the film is based on? The Body
60%
What actor played Gordie Lachance? Wil Wheaton
60%
What actor played Vern Tessio? Jerry O'Connell
53%
"Lard-Ass" is a character in a story about what kind of contest? Pie eating contest
53%
Who narrates the film (actor name)? Richard Dreyfuss
53%
No matching quizzes found
Score Distribution
Percent of People with Each Score
Percentile by Number Answered
Your Score History
You have not taken this quiz